Membranes for industrial wastewater recovery and re-use / (Record no. 329684)
[ view plain ]
| 000 -LEADER | |
|---|---|
| fixed length control field | 01385cam a22003134a 4500 |
| 001 - CONTROL NUMBER | |
| control field | 13045737 |
| 003 - CONTROL NUMBER IDENTIFIER | |
| control field | NUST |
| 005 - DATE AND TIME OF LATEST TRANSACTION | |
| control field | 20170518104545.0 |
| 008 - FIXED-LENGTH DATA ELEMENTS--GENERAL INFORMATION | |
| fixed length control field | 030102s2003 enkab b 001 0 eng |
| 010 ## - LIBRARY OF CONGRESS CONTROL NUMBER | |
| LC control number | 2003040757 |
| 020 ## - INTERNATIONAL STANDARD BOOK NUMBER | |
| International Standard Book Number | 1856173895 |
| 040 ## - CATALOGING SOURCE | |
| Original cataloging agency | DLC |
| Transcribing agency | DLC |
| Modifying agency | DLC |
| 042 ## - AUTHENTICATION CODE | |
| Authentication code | pcc |
| 050 00 - LIBRARY OF CONGRESS CALL NUMBER | |
| Classification number | TD754 |
| Item number | .J83 2003 |
| 082 00 - DEWEY DECIMAL CLASSIFICATION NUMBER | |
| Classification number | 628.352 JUD |
| Edition number | 21 |
| 245 00 - TITLE STATEMENT | |
| Title | Membranes for industrial wastewater recovery and re-use / |
| Statement of responsibility, etc. | Edited by Simon Judd and Bruce Jefferson. |
| 260 ## - PUBLICATION, DISTRIBUTION, ETC. | |
| Place of publication, distribution, etc. | Kidlington, Oxford, UK ; |
| -- | New York, NY, USA : |
| Name of publisher, distributor, etc. | Elsevier Science, |
| Date of publication, distribution, etc. | c2003. |
| 300 ## - PHYSICAL DESCRIPTION | |
| Extent | xvi, 291 p. : |
| Other physical details | ill., maps ; |
| Dimensions | 24 cm. |
| 500 ## - GENERAL NOTE | |
| General note | H.B |
| 504 ## - BIBLIOGRAPHY, ETC. NOTE | |
| Bibliography, etc. note | Includes bibliographical references and index. |
| 650 #0 - SUBJECT ADDED ENTRY--TOPICAL TERM | |
| Topical term or geographic name entry element | Sewage |
| General subdivision | Purification. |
| 9 (RLIN) | 265 |
| 650 #0 - SUBJECT ADDED ENTRY--TOPICAL TERM | |
| Topical term or geographic name entry element | Factory and trade waste |
| General subdivision | Purification. |
| 9 (RLIN) | 1014 |
| 650 #0 - SUBJECT ADDED ENTRY--TOPICAL TERM | |
| Topical term or geographic name entry element | Membranes (Technology) |
| 9 (RLIN) | 1015 |
| 650 #0 - SUBJECT ADDED ENTRY--TOPICAL TERM | |
| Topical term or geographic name entry element | Water reuse. |
| 9 (RLIN) | 1016 |
| 700 1# - ADDED ENTRY--PERSONAL NAME | |
| Personal name | Judd, Simon. |
| 9 (RLIN) | 1017 |
| 700 1# - ADDED ENTRY--PERSONAL NAME | |
| Personal name | Jefferson, Bruce. |
| 9 (RLIN) | 1018 |
| 856 42 - ELECTRONIC LOCATION AND ACCESS | |
| Materials specified | Publisher description |
| Uniform Resource Identifier | <a href="http://www.loc.gov/catdir/enhancements/fy0614/2003040757-d.html">http://www.loc.gov/catdir/enhancements/fy0614/2003040757-d.html</a> |
| 856 41 - ELECTRONIC LOCATION AND ACCESS | |
| Materials specified | Table of contents only |
| Uniform Resource Identifier | <a href="http://www.loc.gov/catdir/enhancements/fy0614/2003040757-t.html">http://www.loc.gov/catdir/enhancements/fy0614/2003040757-t.html</a> |
| 906 ## - LOCAL DATA ELEMENT F, LDF (RLIN) | |
| a | 7 |
| b | cbc |
| c | orignew |
| d | 1 |
| e | ocip |
| f | 20 |
| g | y-gencatlg |
| 942 ## - ADDED ENTRY ELEMENTS (KOHA) | |
| Source of classification or shelving scheme | |
| Koha item type | Book |
| Call number prefix | 628.352 JUD |
| Withdrawn status | Lost status | Source of classification or shelving scheme | Damaged status | Not for loan | Collection code | Permanent Location | Current Location | Shelving location | Date acquired | Total Checkouts | Full call number | Barcode | Date last seen | Price effective from | Koha item type |
|---|---|---|---|---|---|---|---|---|---|---|---|---|---|---|---|
| Institute of Environmental Science and Engineering (IESE) | Institute of Environmental Science and Engineering (IESE) | General Stacks | 05/18/2017 | 628.352 JUD | IESE-1735 | 05/18/2017 | 05/18/2017 | Book |
